| 000 | 00745nam a2200277Ia 4500 | ||
|---|---|---|---|
| 008 | 160803s9999 xx 000 0 und d | ||
| 020 | _a9780545576017 | ||
| 100 | _aMeloy, Maile | ||
| 245 | 4 | _aThe Apothecary / | |
| 245 | _cMaile Meloy ; with illustrations by Ian Schoenherr. | ||
| 260 | _aNew York : | ||
| 260 | _bScholastic Inc. | ||
| 260 | _c2011 | ||
| 300 | _a353, 6 pages : | ||
| 300 | _billustrations ; | ||
| 300 | _c19 cm | ||
| 650 | _aAlchemy -- | ||
| 650 | _aCold War -- | ||
| 650 | _aGreat Britain -- History -- Elizabeth II, 1952- -- | ||
| 650 | _aLondon (England) -- History -- 20th century -- | ||
| 650 | _xFiction. | ||
| 650 | _xFiction. | ||
| 650 | _xFiction. | ||
| 650 | _xFiction. | ||
| 700 | _a740 | ||
| 999 |
_c299622 _d299622 |
||